| 000 | 00550nam a2200169Ia 4500 | ||
|---|---|---|---|
| 005 | 20250508155446.0 | ||
| 008 | 008 250505s9999 xx 000 0 eng d | ||
| 037 | _aBooks to be hide in OPAC | ||
| 040 |
_aFEDL _beng _cFEDL |
||
| 041 |
_aeng _2eng |
||
| 084 |
_a372.4, PIT/O _qFEDL |
||
| 245 | 0 | _aSixth annual conference on reading : Reading and the language arts in the school program | |
| 260 |
_aPittsburgh, USA _bUniversity of Pittsburgh Press _c1950 |
||
| 300 | _a156p. | ||
| 942 |
_cHB _h372.4, PIT/O |
||
| 999 |
_c1357050 _d1357050 |
||